| 000 -LEADER |
| fixed length control field |
00750nam a2200193Ia 4500 |
| 001 - CONTROL NUMBER |
| control field |
11836 |
| 003 - CONTROL NUMBER IDENTIFIER |
| control field |
GE_BSU |
| 008 - FIXED-LENGTH DATA ELEMENTS--GENERAL INFORMATION |
| fixed length control field |
181216s||||||||xx |||||||||||||| ||und|| |
| 040 ## - CATALOGING SOURCE |
| Transcribing agency |
GE_BSU |
| 080 ## - UNIVERSAL DECIMAL CLASSIFICATION NUMBER |
| Universal Decimal Classification number |
636(075.8) |
| 245 ## - TITLE STATEMENT |
| Title |
მეცხოველეობის საფუძვლები. ზოომინიმუმი |
| 245 ## - TITLE STATEMENT |
| Statement of responsibility, etc. |
ბ.მ.ბლომკვისტი.ა.ს.ვსიაკიხის და პ.ა.ესაულოვის რედ. [რედ. ნ.გოცირიძე] |
| 260 ## - PUBLICATION, DISTRIBUTION, ETC. |
| Place of publication, distribution, etc. |
თბილისი |
| 260 ## - PUBLICATION, DISTRIBUTION, ETC. |
| Name of publisher, distributor, etc. |
სახელგამი |
| 260 ## - PUBLICATION, DISTRIBUTION, ETC. |
| Date of publication, distribution, etc. |
1953 |
| 300 ## - PHYSICAL DESCRIPTION |
| Extent |
349გვ.23სმ. |
| 653 ## - INDEX TERM--UNCONTROLLED |
| Uncontrolled term |
მეცხოველეობის საფუძვლები. |
| 942 ## - ADDED ENTRY ELEMENTS (KOHA) |
| Koha item type |
წიგნი |